000 00297nam a22001097a 4500
008 230704b xxu||||| |||| 00| 0 eng d
082 _a342.4
_bFIN 1960
245 _aThe Major Governments of Modern Europe
260 _aLondon
_bRow, Peterson and Company
_c1960
300 _aXV,A73p
942 _2ddc
_cBK
999 _c3607
_d3607